000 01288nam a22004810a 4500
001 PT46253
003 AR-LpoUNG
005 20210131231110.0
008 191001s2012||||ag |||||||||||||||||spa d
020 _a9789876291620
_c$11,30
040 _aAR-LpoUNG
_bspa
_cAR-LpoUNG
_eaacr
041 _aspa
044 _aag
082 0 _a909.82 424his
100 1 _aBéjar, María Dolores
245 1 0 _aHistoria del siglo XX :
_bEuropa, América, Asia, Africa y Oceanía
250 _a1ra. ed., 1ra. reimpr.
260 _aBuenos Aires :
_bSiglo Veintiuno,
_c2012.
300 _a461 p. :
_bfot.
650 4 _aANALISIS HISTORICO
650 4 _aASPECTOS ECONOMICOS
650 4 _aCAMBIO SOCIAL
650 4 _aCAPITALISMO
650 4 _aCOMUNISMO
650 4 _aCRECIMIENTO ECONOMICO
650 4 _aCRISIS POLITICA
650 4 _aDESARROLLO ECONOMICO
650 4 _aGLOBALIZACION
650 4 _aGUERRA
650 4 _aHISTORIA
650 4 _aHISTORIA POLITICA
650 4 _aHISTORIA UNIVERSAL
650 4 _aIMPERIALISMO
650 4 _aRECESION ECONOMICA
650 4 _aREVOLUCION
651 4 _aMundial
653 _aPRIMERA GUERRA MUNDIAL
653 _aREVOLUCION RUSA
653 _aSEGUNDA GUERRA MUNDIAL
653 _aTERCER MUNDO
905 _a46253
942 _cLIB
999 _c7987
_d7987